书目信息 |
| 题名: |
被抹去的历史
|
|
| 作者: | 拉索 著 ;扈喜林 译 | |
| 分册: | ||
| 出版信息: | 广州 广东人民出版社 2021 |
|
| 页数: | 319页 | |
| 开本: | 21cm | |
| 丛书名: | ||
| 单 册: | ||
| 中图分类: | K747 | |
| 科图分类: | ||
| 主题词: | ||
| 电子资源: | ||
| ISBN: | 978-7-218-15161-8 | |
| 000 | 01339nam0 2200253 450 | |
| 001 | 2361949567 | |
| 005 | 20231201171240.60 | |
| 010 | @a978-7-218-15161-8@b精装@dCNY78.00 | |
| 100 | @a20211123d2021 em y0chiy50 ea | |
| 101 | 1 | @achi@ceng |
| 102 | @aCN@b440000 | |
| 105 | @aa z 000yy | |
| 200 | 1 | @a被抹去的历史@Abei ma qu de li shi@e巴拿马运河无人诉说的故事@dErased@ethe untold story of the Panama canal@f(哥伦比亚)玛丽萨·拉索著@g扈喜林译@zeng |
| 210 | @a广州@c广东人民出版社@d2021 | |
| 215 | @a319页@c图@d21cm | |
| 300 | @a万有引力 | |
| 330 | @a本书讲述了全世界最重要的交通枢纽--巴拿马运河背后的奇特历史:为了建造这条运河,美国把一整个中美洲村镇从这个世界上抹去,迁移了4万居民,消除了它的历史和文化,取代以一座整洁、西式的现代化小镇。本书利用大量和以前未开发的档案资料和个人回忆,恢复了一个美国商业和政治野心抹去的世界,描述了运河中农民、房主和店主的迁移,并记录了几百年前商业文化和环境遭到的破坏。这是后殖民时代的一个奇特案例,它揭示了商业和政治野心如何为所欲为,让我们的世界发生不可逆转的改变,在这一背景之下,文化、历史和民族的多样性遭受了巨大的损失。 | |
| 510 | 1 | @aErased@ethe untold story of the Panama canal@zeng |
| 607 | @a巴拿马运河@x历史 | |
| 690 | @aK747@v5 | |
| 701 | 0 | @c(哥伦)@a拉索@Ala suo@c(Lasso, Marixa)@4著 |
| 702 | 0 | @a扈喜林@Ahu xi lin@4译 |
| 801 | 0 | @aCN@b91MARC@c20211125 |
| 905 | @aZUCC@dK747@e1 | |
| 被抹去的历史:巴拿马运河无人诉说的故事=Erased:the untold story of the Panama canal/(哥伦比亚)玛丽萨·拉索著/扈喜林译.-广州:广东人民出版社,2021 |
| 319页:图;21cm |
| 万有引力 |
| ISBN 978-7-218-15161-8(精装):CNY78.00 |
| 本书讲述了全世界最重要的交通枢纽--巴拿马运河背后的奇特历史:为了建造这条运河,美国把一整个中美洲村镇从这个世界上抹去,迁移了4万居民,消除了它的历史和文化,取代以一座整洁、西式的现代化小镇。本书利用大量和以前未开发的档案资料和个人回忆,恢复了一个美国商业和政治野心抹去的世界,描述了运河中农民、房主和店主的迁移,并记录了几百年前商业文化和环境遭到的破坏。这是后殖民时代的一个奇特案例,它揭示了商业和政治野心如何为所欲为,让我们的世界发生不可逆转的改变,在这一背景之下,文化、历史和民族的多样性遭受了巨大的损失。 |
| ● |
| 相关链接 |
|
|
|
正题名:被抹去的历史
索取号:K747/1
 
预约/预借
| 序号 | 登录号 | 条形码 | 馆藏地/架位号 | 状态 | 备注 |
| 1 | 2001254641 | 2001254641 | 辽宁北方(第一批)/辽宁北方(第一批)/47/ [索取号:K747/1] | 在馆 | |
| 2 | 2001254642 | 2001254642 | 辽宁北方(第一批)/辽宁北方(第一批)/47/ [索取号:K747/1] | 在馆 | |
| 3 | 2001254643 | 2001254643 | 辽宁北方(第一批)/辽宁北方(第一批)/47/ [索取号:K747/1] | 在馆 | |
| 4 | 2001254644 | 2001254644 | 辽宁北方(第一批)/辽宁北方(第一批)/47/ [索取号:K747/1] | 在馆 | |
| 5 | 2001254645 | 2001254645 | 辽宁北方(第一批)/辽宁北方(第一批)/47/ [索取号:K747/1] | 在馆 | |
| 6 | 2001254646 | 2001254646 | 辽宁北方(第一批)/辽宁北方(第一批)/47/ [索取号:K747/1] | 在馆 |